Movimiento obrero, nacionalismo y política en la argentina /
Guardado en:
| Autor Principal: | |
|---|---|
| Formato: | Libro |
| Publicado: |
Buenos Aires :
Hyspamerica,
1986
|
| Series: | Biblioteca argentina de historia y política / dirigida por Pablo Costantini
|
| Materias: | |
| Etiquetas: |
Agregar Etiqueta
Sin Etiquetas, Sea el primero en etiquetar este registro!
|
| LEADER | 01114nam a22002175a 4500 | ||
|---|---|---|---|
| 001 | CEM.cems012215 | ||
| 005 | 20060901153904.0 | ||
| 008 | 130507s1986##################000#0#####d | ||
| 003 | CEMS | ||
| 020 | |a 9506143706 | ||
| 082 | 0 | 4 | |a 329.982 |
| 100 | 1 | |a Baily, Samuel L. | |
| 245 | 1 | 0 | |a Movimiento obrero, nacionalismo y política en la argentina / |c Samuel L. Baily |
| 260 | |a Buenos Aires : |b Hyspamerica, |c 1986 | ||
| 300 | |a 220 p. | ||
| 490 | 0 | |a Biblioteca argentina de historia y política / dirigida por Pablo Costantini | |
| 505 | 0 | |a Los orígenes del movimiento obrero organizado en la Argentina -- Primeras manifestaciones del movimiento obrero -- El surgimiento del nacionalismo liberal -- Los nacionalismos en el movimiento obrero y el ascenso de Perón -- La victoria de los nacionalistas criollos -- La oposición sindical a Perón -- Perón abandona a la nación de los trabajadores -- El resurgimiento del nacionalismo criollo | |
| 653 | |a Historia argentina | ||
| 653 | |a Movimiento obrero argentino | ||
| 653 | |a Movimiento obrero 1890-1973 | ||
| 859 | |a CEMS |b BIB. CEMS - 11 de abril |h 329.982 |i B15 |p 23166.05 |t Ej.1 | ||
